Daddies: (Record no. 7888)
[ view plain ]
| 000 -LEADER | |
|---|---|
| fixed length control field | 01191nam a22002897a 4500 |
| 001 - CONTROL NUMBER | |
| control field | 7888 |
| 003 - CONTROL NUMBER IDENTIFIER | |
| control field | FISKH |
| 005 - DATE AND TIME OF LATEST TRANSACTION | |
| control field | 20250813092324.0 |
| 008 - FIXED-LENGTH DATA ELEMENTS--GENERAL INFORMATION | |
| fixed length control field | 250813b cb ||||| |||| 00| 0 eng d |
| 020 ## - INTERNATIONAL STANDARD BOOK NUMBER | |
| International Standard Book Number | 033500987748 |
| 040 ## - CATALOGING SOURCE | |
| Original cataloging agency | FISKH |
| Language of cataloging | eng |
| Transcribing agency | FISKH |
| Modifying agency | FISKH |
| 050 ## - LIBRARY OF CONGRESS CALL NUMBER | |
| Classification number | PZ7 |
| 082 ## - DEWEY DECIMAL CLASSIFICATION NUMBER | |
| Classification number | 641.3 |
| 100 ## - MAIN ENTRY--PERSONAL NAME | |
| Personal name | Frank, Janet |
| 245 ## - TITLE STATEMENT | |
| Title | Daddies: |
| Remainder of title | All about the work they do / |
| Statement of responsibility, etc. | by Janet Frank ; Updated by Margo Lundell ; Illustrated by Paul Meisel |
| 250 ## - EDITION STATEMENT | |
| Edition statement | This edition published in 1996 |
| 260 ## - PUBLICATION, DISTRIBUTION, ETC. | |
| Place of publication, distribution, etc. | New York : |
| Name of publisher, distributor, etc. | A Golden Book, |
| Date of publication, distribution, etc. | 1953 |
| 300 ## - PHYSICAL DESCRIPTION | |
| Extent | 24 unnumbered pages : |
| Other physical details | color illustrations ; |
| Dimensions | 21 cm |
| 505 ## - FORMATTED CONTENTS NOTE | |
| Formatted contents note | E<br/> |
| 520 ## - SUMMARY, ETC. | |
| Summary, etc. | The story moves through simple verses showing daddies in different roles—such as farmers, teachers, shopkeepers, firemen, and even opera singers—each working hard during the day. The tone is light and reassuring, with colorful illustrations (in the 1996 edition by Paul Meisel) showing cheerful, friendly scenes of work. |
| 521 8# - TARGET AUDIENCE NOTE | |
| Target audience note | 170<br/> |
| Source | Lexile estimate<br/> |
| 521 8# - TARGET AUDIENCE NOTE | |
| Target audience note | E<br/> |
| Source | Raz-Plus<br/> |
| 650 ## - SUBJECT ADDED ENTRY--TOPICAL TERM | |
| Topical term or geographic name entry element | Parenting |
| Form subdivision | Children’s Books |
| General subdivision | Family |
| 700 ## - ADDED ENTRY--PERSONAL NAME | |
| Personal name | Meisel, Paul |
| Relator term | illustrator |
| 942 ## - ADDED ENTRY ELEMENTS (KOHA) | |
| Source of classification or shelving scheme | Dewey Decimal Classification |
| Koha item type | Books |
| Suppress in OPAC | No |
| Withdrawn status | Lost status | Source of classification or shelving scheme | Damaged status | Not for loan | Collection | Home library | Current library | Shelving location | Date acquired | Total Checkouts | Full call number | Barcode | Date last seen | Copy number | Price effective from | Koha item type |
|---|---|---|---|---|---|---|---|---|---|---|---|---|---|---|---|---|
| Dewey Decimal Classification | Juvenile Fiction | Footprints International School Library Network Toul Kork Campus | Footprints International School Library Network Toul Kork Campus | TK Primary Library Room(4th Floor), Bookcase 7, Shelves 57-60, Dark Green Books | 08/13/2025 | FRA 641.3 PZ7 | FISBK00140 | 08/13/2025 | 1 | 08/13/2025 | Books |
